000 00380nam a2200145 i 4500
001 bg
100 1 _aSPINDEL, Paul D.
245 0 _aComputer Applications in Civil Engineering /
_cPaul D. Spindel.
260 _aNew York :
_bVan Nostrand Reinhold Company,
_c1971.
040 _cBPK
041 _apol
080 _a624
942 _cKS
008 s pl f |000 0 pol
999 _c14698
_d14698
856 _uhttp://koha.tu.koszalin.pl/cgi-bin/koha/opac-detail.pl?biblionumber=14698
_yKatalog online BPK